Tous les films et series de Millie Bobby Brown depuis 2016 - Statistiques

Statistiques générales
  • Ce quiz a été pris 13 fois
  • Le résultat moyen est 3 sur 6
Statistiques - réponses
séries/film Nom % Correct
série Stranger things
100%
film Enola Holmes
91%
film La Demoiselle et le Dragon
73%
film The Electric State
36%
film Godzilla vs Kong
18%
film Godzilla 2 - Roi des Monstres
0%
Aucun quiz correspondant
Distribution des résultats
% des personnes avec chaque résultat
Percentile par nombre de réponses
Votre historique - résultats
Vous n’avez pas pris ce quiz